LEADER 01501cam0-22005291i-450- 001 990000090620403321 005 20160314093713.0 010 $a88-7075-201-1 035 $a000009062 035 $aFED01000009062 035 $a(Aleph)000009062FED01 035 $a000009062 100 $a20020821d1988----km-y0itay50------ba 101 0 $aita 102 $aIT 105 $ay---j---001yy 200 1 $aManuale del catalogatore$euna guida per le biblioteche pubbliche di ente locale$fPierantonio Bolognini, Ismaele Pedrini 205 $aNuova ed. riv. e ampliata 210 $aMilano$cEditrice bibliografica$d1988 215 $a620 p.$d25 cm 225 1 $aBibliografia e biblioteconomia 300 $aNumero fuori collezione 610 0 $aCatalogazione bibliografica 676 $a025.3 700 1$aBolognini,$bPierantonio$04297 701 1$aPedrini,$bIsmaele$04298 801 0$aIT$bUNINA$gRICA$2UNIMARC 901 $aBK 912 $a990000090620403321 952 $aSDI-BB 121$b1735$fSDI 952 $aXXX COD. 459$b6347$fFSPBC 952 $aBibl. 1$b835$fFMVBC 952 $a025.3 BOL$b1367$fDECLI 952 $a13 U 05 20$b5082$fFINBC 952 $aQ 78$bs.i.$fDSS 952 $aSE 120.06.26-$b2000$fDECSE 952 $abib 37$b586$fDARST 959 $aFINBC 959 $aFSPBC 959 $aFMVBC 959 $aSDI 959 $aDECLI 959 $aDSS 959 $aDECSE 959 $aDARST 996 $aManuale del catalogatore$972426 997 $aUNINA LEADER 01058nam0-22003131i-450- 001 990001022440403321 010 $a3-540-11603-6 035 $a000102244 035 $aFED01000102244 035 $a(Aleph)000102244FED01 035 $a000102244 100 $a20000920d1982----km-y0itay50------ba 101 0 $aeng 200 1 $aProblems and Methodologies in Mathematical Software Production$eInternational Seminar held at Sorrento, Italy, Novembre 3-8, 1980$fedited by Paul C. Messina and Almerico Murli 210 $aBerlin [etc.]$cSpringer-Verlag$d1982 225 1 $aLecture notes in computer science$v142 610 0 $aTeoria della programmazione e utilizzazione dei computers 610 0 $aSoftware 676 $a510.78 700 1$aMessina,$bPaul C.$048557 702 1$aMurli,$bAlmerico 801 0$aIT$bUNINA$gRICA$2UNIMARC 901 $aBK 912 $a990001022440403321 952 $a8B-132$b12303$fFI1 959 $aFI1 996 $aProblems and Methodologies in Mathematical Software Production$9339680 997 $aUNINA DB $aING01